[Event "46th Bosna Open 2016"]
[Site "Sarajevo BIH"]
[Date "2016.05.31"]
[Round "6.9"]
[White "Nikcevic, Nebojsa"]
[Black "Savic, Miodrag R"]
[Result "1/2-1/2"]
[WhiteTitle "GM"]
[BlackTitle "GM"]
[WhiteElo "2416"]
[BlackElo "2522"]
[WhiteFideId "901776"]
[BlackFideId "920479"]
[EventDate "2016.05.28"]

1. Nf3 Nf6 2. c4 e6 3. g3 d5 4. b3 c6 5. Bg2 a5 6. Nc3 Nbd7 7. O-O Be7 8. d4 O-O
9. Qc2 Nb6 10. c5 Nbd7 11. Na4 Ne8 12. Bb2 f5 13. Ne1 Nc7 14. Nd3 Bf6 15. Rad1
Qe8 16. f4 Be7 17. Qd2 Qd8 18. Bf3 Ra7 19. Kh1 Ne8 20. Qe3 Ndf6 21. Ne5 Ne4 22.
Bxe4 dxe4 23. Bc3 Nc7 24. Nc4 Nd5 25. Qd2 Nxc3 26. Qxc3 Bd7 27. Nab6 Be8 28. Kg1
g5 29. Kf2 Bf6 30. Ke3 Bg7 31. Rg1 Qf6 32. Ne5 Qh6 33. Rdf1 Kh8 34. Kd2 Rg8 35.
Qe3 Bf6 36. h3 a4 37. b4 Ra6 38. Nbc4 Ra8 39. Nd6 Rg7 40. h4 gxf4 41. Qxf4 Qxf4+
42. gxf4 Rb8 43. Rxg7 Kxg7 44. Rg1+ Kf8 45. Kc3 Be7 46. h5 Bxd6 47. cxd6 h6 48.
Kc4 Rd8 49. d7 Bxd7 50. Rg6 Be8 51. Rxh6 Kg7 52. Rxe6 Bxh5 53. e3 Be2+ 54. Kc5
Rd5+ 55. Kb6 Rb5+ 56. Ka7 Rxb4 57. Re7+ Kf6 58. Rxb7 Bb5 59. Nxc6 Rb2 60. d5 a3
61. Ne5 Be8 62. Rb6+ Kg7 63. d6 Rxa2 64. d7 Bxd7 65. Nxd7 Rc2 66. Ne5 Rc7+ 67.
Kb8 Rc3 68. Ra6 Rxe3 69. Kc7 Rc3+ 70. Kd6 e3 71. Ra7+ Kh6 72. Ke6 e2 73. Kxf5
Rc5 74. Ra6+ Kg7 75. Rg6+ Kf8 76. Rg1 Rb5 77. Ke6 Rb6+ 78. Kd5 Rb3 79. Kc4 Rb7
80. Nd3 a2 81. Ra1 Rb1 82. Rxa2 e1=Q 83. Nxe1 Rxe1 84. Kd4 Kf7 85. Ra3 Kf6 1/2-1/2

[Event "46th Bosna Open 2016"]
[Site "Sarajevo BIH"]
[Date "2016.05.31"]
[Round "6.10"]
[White "Nikolic, Predrag"]
[Black "Sutkovic, Damir"]
[Result "1-0"]
[WhiteTitle "GM"]
[WhiteElo "2617"]
[BlackElo "2316"]
[WhiteFideId "14400014"]
[BlackFideId "14400820"]
[EventDate "2016.05.28"]

1. Nf3 Nf6 2. c4 c5 3. g3 b6 4. Bg2 Bb7 5. O-O g6 6. Nc3 Bg7 7. d4 cxd4 8. Qxd4
O-O 9. Qh4 d6 10. Bh6 Nbd7 11. Rfd1 Rc8 12. b3 Rc5 13. Bxg7 Kxg7 14. Rac1 Qa8
15. Ne1 Bxg2 16. Nxg2 Rfc8 17. Ne3 a6 18. Ncd5 Nxd5 19. Nxd5 e6 20. Qd4+ e5 21.
Qd2 Re8 22. Rc3 Re6 23. Rd3 b5 24. cxb5 axb5 25. Nc3 Qc6 26. Nd5 Rc2 27. Qe3 Qc5
28. Qxc5 Nxc5 29. R3d2 Rxd2 30. Rxd2 Ne4 31. Rd1 Re8 32. f3 Ng5 33. Nc7 Rc8 34.
Nxb5 Rc2 35. Kf2 Rxa2 36. Nxd6 Ne6 37. Nc4 Nd4 38. Rd2 Ra7 39. Rb2 Rb7 40. b4 f6
41. g4 Nb5 42. h4 h5 43. g5 Rc7 44. gxf6+ Kxf6 45. Nd2 Kf5 46. Ne4 Rc4 47. Ra2
Nc3 48. Nd6+ Ke6 49. Ra6 1-0

[Event "46th Bosna Open 2016"]
[Site "Sarajevo BIH"]
[Date "2016.05.31"]
[Round "6.11"]
[White "Kantorik, Marian"]
[Black "Drasko, Milan"]
[Result "1/2-1/2"]
[WhiteTitle "IM"]
[BlackTitle "GM"]
[WhiteElo "2285"]
[BlackElo "2440"]
[WhiteFideId "14900513"]
[BlackFideId "900397"]
[EventDate "2016.05.28"]

1. d4 e6 2. c4 Nf6 3. Nf3 Bb4+ 4. Bd2 Qe7 5. g3 Nc6 6. Bg2 Na5 7. b3 b6 8. O-O
Bb7 9. Qc2 h6 10. Qb2 Ba3 11. Qc2 Bb4 12. Qb2 Ba3 13. Qc2 1/2-1/2

[Event "46th Bosna Open 2016"]
[Site "Sarajevo BIH"]
[Date "2016.05.31"]
[Round "6.12"]
[White "Michalicka, Milan"]
[Black "Grynszpan, Mariano"]
[Result "1-0"]
[BlackTitle "FM"]
[WhiteElo "2164"]
[BlackElo "2400"]
[WhiteFideId "14913089"]
[BlackFideId "100277"]
[EventDate "2016.05.28"]

1. d4 e6 2. c4 f5 3. Nc3 Nf6 4. Nf3 d5 5. Bf4 c6 6. e3 Bd6 7. Qc2 O-O 8. Bd3 Qe7
9. Bxd6 Qxd6 10. O-O Bd7 11. cxd5 cxd5 12. Ne5 Nc6 13. f4 Rac8 14. Qd2 a6 15.
Rac1 Rc7 16. Na4 Rfc8 17. Nc5 Na7 18. a4 Be8 19. b3 Nd7 20. Nexd7 Bxd7 21. Rc2
Nc6 22. Rfc1 Be8 23. b4 Ra8 24. Rb1 a5 25. bxa5 Nxa5 26. Rcb2 Nc4 27. Bxc4 dxc4
28. Nxb7 Qd5 29. Nc5 g5 30. fxg5 Rg7 31. Rb8 Rxb8 32. Rxb8 Kf8 33. Qb4 Re7 34.
Qe1 e5 35. Qh4 f4 36. Qh6+ Kg8 37. g6 hxg6 38. Qxg6+ Kf8 39. Qf6+ Qf7 40. Qh8+
Qg8 41. Nd7+ 1-0

[Event "46th Bosna Open 2016"]
[Site "Sarajevo BIH"]
[Date "2016.06.01"]
[Round "7.1"]
[White "Kadric, Denis"]
[Black "Bosiocic, Marin"]
[Result "1-0"]
[WhiteTitle "GM"]
[BlackTitle "GM"]
[WhiteElo "2554"]
[BlackElo "2567"]
[WhiteFideId "14403803"]
[BlackFideId "14507927"]
[EventDate "2016.05.28"]

1. e4 c5 2. Nc3 Nc6 3. Nge2 e6 4. d4 cxd4 5. Nxd4 Qc7 6. Be3 a6 7. f4 b5 8. Bd3
Bb7 9. Nb3 d6 10. O-O Nf6 11. Qf3 Be7 12. Qh3 h5 13. Kh1 Nb8 14. a3 Nbd7 15.
Rae1 Rc8 16. Bf2 g5 17. fxg5 Ng4 18. Bd4 Nde5 19. Be2 Kd7 20. Bxe5 Nxe5 21. g6
Rh6 22. gxf7 Rf8 23. Nd5 Qd8 24. Rd1 Kc8 25. Nd4 1-0

[Event "46th Bosna Open 2016"]
[Site "Sarajevo BIH"]
[Date "2016.06.01"]
[Round "7.2"]
[White "Yilmaz, Mustafa"]
[Black "Kozul, Zdenko"]
[Result "0-1"]
[WhiteTitle "GM"]
[BlackTitle "GM"]
[WhiteElo "2603"]
[BlackElo "2591"]
[WhiteFideId "6302718"]
[BlackFideId "14502879"]
[EventDate "2016.05.28"]

1. d4 Nf6 2. c4 g6 3. Nc3 Bg7 4. e4 d6 5. Nf3 O-O 6. Be2 e5 7. O-O Nbd7 8. Be3
c6 9. d5 c5 10. Bg5 h6 11. Bd2 Ne8 12. Qc1 Kh7 13. g3 Nb6 14. Nh4 Bh3 15. Ng2 f5
16. f3 Qf6 17. exf5 gxf5 18. Nd1 Bxg2 19. Kxg2 Qg6 20. Nf2 Nc8 21. Bd3 Ne7 22.
Qc2 h5 23. Rae1 Kh8 24. Kh1 Nf6 25. Rg1 Rae8 26. Qc1 e4 27. fxe4 fxe4 28. Nxe4
Ng4 29. Bf4 Nf5 30. Rg2 Bh6 31. Qc3+ Qg7 32. Qxg7+ Kxg7 33. h3 Nf6 34. Rgg1 Nxe4
35. Bxe4 Bxf4 36. gxf4+ Kf6 37. Rg5 Nd4 38. Rg6+ Kf7 39. Rgg1 Rg8 40. Rxg8 Rxg8
41. Re3 Kf6 42. Bd3 h4 43. Kh2 a6 44. a4 a5 45. Bh7 Ra8 46. Bb1 Ra6 47. b3 Rb6
48. Ba2 Kf5 49. Kg2 Kxf4 50. Kf2 Kg5 51. Kf1 Rb4 52. Rd3 Kf5 53. Kf2 Kf4 54. Rc3
Kg5 55. Rd3 Nf5 56. Rc3 Rb6 57. Rf3 Ra6 58. Bb1 Nd4 59. Re3 Ra8 60. Re7 Rf8+ 61.
Kg2 Rf3 62. Rxb7 Rg3+ 63. Kf2 Rxh3 64. Rg7+ Kf6 65. Ra7 Rf3+ 66. Kg2 Rxb3 67.
Bh7 Rg3+ 68. Kf2 Rg7 69. Rxa5 Rxh7 70. Ra8 h3 71. Kg1 Nf3+ 72. Kh1 Ke5 0-1

[Event "46th Bosna Open 2016"]
[Site "Sarajevo BIH"]
[Date "2016.06.01"]
[Round "7.3"]
[White "Kosic, Dragan"]
[Black "Martinovic, Sasa"]
[Result "1/2-1/2"]
[WhiteTitle "GM"]
[BlackTitle "GM"]
[WhiteElo "2507"]
[BlackElo "2529"]
[WhiteFideId "900290"]
[BlackFideId "14509792"]
[EventDate "2016.05.28"]

1. d4 Nf6 2. Nf3 e6 3. Bg5 h6 4. Bxf6 Qxf6 5. e4 d6 6. c3 g5 7. Bd3 g4 8. Nfd2
h5 9. Na3 Nc6 10. Qe2 Bd7 11. O-O-O O-O-O 12. Nc2 Bh6 13. Kb1 Kb8 14. Nc4 Qg5
15. Rhf1 f5 16. exf5 exf5 17. f4 gxf3 18. Qxf3 f4 19. Qf2 Rhg8 20. Rg1 Ne7 21.
Nd2 Nd5 22. Nf3 Qg4 23. Rde1 Ne3 24. Nh4 Bg5 25. Nf3 Bh6 26. Nh4 Qg5 27. Nf3 Qd5
28. Qe2 Rde8 29. Qf2 c5 30. b3 c4 31. Nb4 Qf7 32. bxc4 Nxc4 33. Rxe8+ Rxe8 34.
Ka1 a5 35. Nc2 Rc8 36. Rb1 Qd5 37. Qe1 Re8 38. Qc1 Rc8 39. Qe1 Re8 40. Qc1 Rg8
41. Qe1 Rxg2 42. Be4 Ne3 43. Qxe3 fxe3 44. Bxd5 Rxc2 45. Bxb7 Rxc3 46. Be4+ Kc8
47. Kb2 Rc7 48. Rg1 Bg4 49. h3 Bxh3 50. Rg8+ Kd7 51. Rh8 Bg7 52. Rxh5 Be6 53.
Rg5 Bf6 54. Rg1 Rc4 55. Re1 Rb4+ 56. Kc3 Bxa2 57. Ra1 Ra4 58. Bc2 Rc4+ 59. Kd3
Rxc2 60. Kxc2 Bd5 61. Ne1 Bxd4 62. Rxa5 Be4+ 63. Kd1 Ke6 64. Ke2 d5 65. Ra4 Bc5 1/2-1/2

[Event "46th Bosna Open 2016"]
[Site "Sarajevo BIH"]
[Date "2016.06.01"]
[Round "7.4"]
[White "Nikcevic, Nebojsa"]
[Black "Nikolic, Predrag"]
[Result "0-1"]
[WhiteTitle "GM"]
[BlackTitle "GM"]
[WhiteElo "2416"]
[BlackElo "2617"]
[WhiteFideId "901776"]
[BlackFideId "14400014"]
[EventDate "2016.05.28"]

1. Nf3 d5 2. d4 Nf6 3. c4 c6 4. e3 Bf5 5. Nc3 e6 6. Bd3 Bg6 7. O-O Nbd7 8. b3
Bb4 9. Bb2 O-O 10. Bxg6 hxg6 11. Qc2 Rc8 12. Rfd1 Re8 13. a3 Bxc3 14. Bxc3 dxc4
15. bxc4 c5 16. d5 exd5 17. cxd5 b5 18. Qb2 a6 19. Ne5 Nxe5 20. Bxe5 Ng4 21. Bg3
Qd7 22. Qc3 Nf6 23. Qa5 Nxd5 24. Qxa6 Ra8 25. Qd6 Qxd6 26. Bxd6 Nc3 27. Re1 Ne4
28. Bg3 Red8 29. f3 Nd2 30. Red1 Nb3 31. Rxd8+ Rxd8 32. Ra2 Ra8 33. Bc7 Ra7 34.
Bb8 Ra4 35. Bd6 b4 36. Rb2 Rxa3 37. h4 f6 38. e4 Kf7 39. Kh2 Ke6 40. Bxc5 Nxc5
41. Rxb4 Ra2 42. Rd4 Ke7 43. Rd5 Ne6 44. Kg3 Rxg2+ 45. Kxg2 Nf4+ 46. Kg3 Nxd5
47. exd5 Kd6 48. Kg4 Kxd5 49. h5 gxh5+ 50. Kxh5 g5 51. Kg4 Ke5 52. Kg3 0-1

[Event "46th Bosna Open 2016"]
[Site "Sarajevo BIH"]
[Date "2016.06.01"]
[Round "7.5"]
[White "Brkic, Ante"]
[Black "Burovic, Rijad"]
[Result "1-0"]
[WhiteTitle "GM"]
[BlackTitle "FM"]
[WhiteElo "2584"]
[BlackElo "2347"]
[WhiteFideId "14506688"]
[BlackFideId "14407701"]
[EventDate "2016.05.28"]

1. e4 e6 2. d4 d5 3. Nc3 Bb4 4. e5 Ne7 5. a3 Bxc3+ 6. bxc3 b6 7. Qg4 Ng6 8. h4
h5 9. Qd1 Ba6 10. Bxa6 Nxa6 11. Bg5 Qc8 12. Ne2 c5 13. O-O Nb8 14. f4 Nc6 15. f5
exf5 16. Ng3 Nce7 17. Nxh5 Rh7 18. Qf3 cxd4 19. cxd4 Qxc2 20. Rfe1 Kf8 21. Nf6
gxf6 22. exf6 Nc6 23. h5 Qc4 24. hxg6 fxg6 25. Rad1 Re8 26. Rxe8+ Kxe8 27. Qg3
Kd7 28. Qe3 b5 29. Bh6 Qc2 30. Re1 Qe4 31. Bg7 Qh4 32. f7 Qh1+ 33. Kf2 Qh4+ 34.
Qg3 1-0

[Event "46th Bosna Open 2016"]
[Site "Sarajevo BIH"]
[Date "2016.06.01"]
[Round "7.6"]
[White "Can, Emre"]
[Black "Michalicka, Milan"]
[Result "1-0"]
[WhiteTitle "GM"]
[WhiteElo "2557"]
[BlackElo "2164"]
[WhiteFideId "6302181"]
[BlackFideId "14913089"]
[EventDate "2016.05.28"]

1. c4 g6 2. d4 Bg7 3. e4 c5 4. d5 d6 5. Nc3 e6 6. h3 exd5 7. cxd5 a6 8. a4 Ne7
9. Nf3 O-O 10. Bd3 Nd7 11. Bf4 Ne5 12. Nxe5 Bxe5 13. Bxe5 dxe5 14. O-O Bd7 15.
Qd2 Nc8 16. Qe3 b6 17. f4 f6 18. fxe5 fxe5 19. Rxf8+ Kxf8 20. Qg3 Qe7 21. Rf1+
Kg7 22. d6 Qxd6 23. Rd1 Ra7 24. Bc4 Qe7 25. Nd5 Qe8 26. Qg5 h6 27. Qf6+ Kh7 28.
Nxb6 Nxb6 29. Bf7 1-0

[Event "46th Bosna Open 2016"]
[Site "Sarajevo BIH"]
[Date "2016.06.01"]
[Round "7.7"]
[White "Nestorovic, Dejan"]
[Black "Jovanovic, Zoran"]
[Result "1/2-1/2"]
[WhiteTitle "IM"]
[BlackTitle "GM"]
[WhiteElo "2387"]
[BlackElo "2531"]
[WhiteFideId "904279"]
[BlackFideId "14505320"]
[EventDate "2016.05.28"]

1. d4 d6 2. c4 e5 3. d5 Nf6 4. Nc3 Nbd7 5. e4 Nc5 6. Qc2 a5 7. Be2 Be7 8. Nf3
Bg4 9. g3 c6 10. Nh4 Bh3 11. Be3 Nfd7 12. Nf5 Bxf5 13. exf5 Bg5 14. dxc6 bxc6
15. Bxg5 Qxg5 16. Rd1 Qf6 1/2-1/2

[Event "46th Bosna Open 2016"]
[Site "Sarajevo BIH"]
[Date "2016.06.01"]
[Round "7.8"]
[White "Lekic, Dusan"]
[Black "Kurajica, Bojan"]
[Result "1/2-1/2"]
[WhiteTitle "IM"]
[BlackTitle "GM"]
[WhiteElo "2345"]
[BlackElo "2527"]
[WhiteFideId "905330"]
[BlackFideId "14400057"]
[EventDate "2016.05.28"]

1. d4 Nf6 2. c4 e6 3. Nf3 Bb4+ 4. Bd2 a5 5. g3 b6 6. Bg2 Bb7 7. O-O O-O 8. Bf4
Be7 9. Nc3 Na6 10. d5 Bb4 11. d6 cxd6 12. Bxd6 Bxd6 13. Qxd6 Rc8 14. Ne5 Bxg2
15. Kxg2 Nc5 16. Rad1 Nb7 17. Qd4 d6 18. Nf3 e5 19. Qh4 Rc5 20. b3 h6 21. Na4 e4
22. Nd4 Rh5 23. Qf4 d5 24. h4 Re8 25. Rh1 dxc4 26. bxc4 Qc8 27. Nxb6 Qc5 28. g4
Rhe5 29. Nd5 Nxd5 30. cxd5 Qxd5 31. Nf5 Qxa2 32. Rd7 Nc5 33. Rd8 Re6 34. Rxe8+
Rxe8 35. Rc1 Ne6 36. Qxe4 a4 37. Rc2 Nf4+ 38. Kh2 Rxe4 39. Rxa2 Nxe2 40. Nd6 Nc3
41. Rc2 Re6 42. Rxc3 Rxd6 43. Rc8+ Kh7 44. Ra8 Rd4 45. Kg3 g5 46. f3 Kg7 47. Ra6
Rf4 48. Ra5 Kf6 49. Ra6+ Ke7 50. Rxh6 Rf6 51. Rh5 gxh4+ 52. Rxh4 a3 53. Rh2 Ra6
54. Ra2 Ke6 55. f4 Kd5 56. g5 Ke4 57. Kg4 Ra4 58. Re2+ Kd3 59. Ra2 Ke3 60. Kg3
Kd3 61. Kg4 Kc3 62. Kh5 Kb3 63. Rxa3+ Kxa3 64. f5 Rf4 65. f6 Kb4 66. Kh6 Kc5 67.
Kg7 Kd6 68. Kxf7 Ra4 69. Kg7 Ra8 70. f7 Ke7 71. g6 Rb8 72. Kh7 Ra8 73. Kg7 Rb8
74. Kh7 Kf6 75. f8=Q+ Rxf8 76. g7 Rf7 77. Kh8 Rxg7 1/2-1/2

[Event "46th Bosna Open 2016"]
[Site "Sarajevo BIH"]
[Date "2016.06.01"]
[Round "7.9"]
[White "Savic, Miodrag R"]
[Black "Trkulja, Goran"]
[Result "1-0"]
[WhiteTitle "GM"]
[BlackTitle "IM"]
[WhiteElo "2522"]
[BlackElo "2320"]
[WhiteFideId "920479"]
[BlackFideId "14401053"]
[EventDate "2016.05.28"]

1. e4 c5 2. Nf3 Nc6 3. c3 d5 4. exd5 Qxd5 5. Na3 Nf6 6. h3 h6 7. Be2 e5 8. O-O
e4 9. d4 Bf5 10. Bc4 Qd6 11. Nb5 Qb8 12. dxc5 Bxc5 13. Nfd4 Nxd4 14. Nxd4 Bd7
15. Be3 Bb6 16. Nc2 Qc7 17. Bxb6 Qxb6 18. Qd4 Qxd4 19. Nxd4 O-O 20. Rfe1 Rac8
21. Bb3 Rfe8 22. Re3 Re7 23. Rd1 Kf8 24. Bc2 Rce8 25. Rde1 h5 26. Kf1 h4 27. Kg1
g6 28. f3 Bf5 29. Bb3 a6 30. Kf2 Kg7 31. R3e2 Kh6 32. Ba4 b5 33. Bc2 Kg5 34.
fxe4 Nxe4+ 35. Kg1 Kf6 36. a4 Re5 37. axb5 axb5 38. Nf3 R5e6 39. Nxh4 Ng3 40.
Rxe6+ Bxe6 41. Nf3 b4 42. Kf2 Nh5 43. cxb4 Rb8 44. g4 Nf4 45. Re4 Nxh3+ 46. Kg3
Bd5 47. Re3 Rh8 48. g5+ Kg7 49. Be4 Be6 50. Bc6 Rb8 51. b5 Bf5 52. Re5 Nxg5 53.
Nxg5 f6 54. Re7+ Kf8 55. Rf7+ Kg8 56. Rxf6 1-0

[Event "46th Bosna Open 2016"]
[Site "Sarajevo BIH"]
[Date "2016.06.01"]
[Round "7.10"]
[White "Hodzic, Nihad"]
[Black "Drazic, Sinisa"]
[Result "0-1"]
[BlackTitle "GM"]
[WhiteElo "2215"]
[BlackElo "2422"]
[WhiteFideId "14402041"]
[BlackFideId "901172"]
[EventDate "2016.05.28"]

1. d4 g6 2. c4 Bg7 3. Nf3 c5 4. d5 d6 5. e4 e5 6. Nc3 h6 7. h4 Nf6 8. Be2 Nbd7
9. a3 a6 10. b4 O-O 11. Bd2 Nh5 12. Ng1 Nf4 13. Bf1 Nf6 14. bxc5 dxc5 15. g3
N4h5 16. Be2 Bd7 17. a4 b6 18. Kf1 Rb8 19. Rb1 Kh7 20. Kg2 Qc8 21. Be3 Ng4 22.
Bxg4 Bxg4 23. f3 Bd7 24. Nge2 f5 25. Bf2 Nf6 26. Rh2 fxe4 27. Nxe4 Nxe4 28. fxe4
Bg4 29. Qc2 h5 30. Be3 Bf3+ 31. Kg1 Qg4 32. Qd2 Bxe4 33. Rc1 Rf3 34. Rf2 Rbf8 0-1

[Event "46th Bosna Open 2016"]
[Site "Sarajevo BIH"]
[Date "2016.06.01"]
[Round "7.11"]
[White "Djukic, Nikola"]
[Black "Kantorik, Marian"]
[Result "0-1"]
[WhiteTitle "GM"]
[BlackTitle "IM"]
[WhiteElo "2546"]
[BlackElo "2285"]
[WhiteFideId "922412"]
[BlackFideId "14900513"]
[EventDate "2016.05.28"]

1. e4 e5 2. Nf3 Nc6 3. Bb5 a6 4. Ba4 d6 5. Bxc6+ bxc6 6. d4 Nf6 7. Nc3 exd4 8.
Nxd4 Bd7 9. O-O Be7 10. h3 O-O 11. Bf4 c5 12. Nf3 Bc6 13. Qd3 Qb8 14. Rfe1 Nd7
15. Nd2 Bf6 16. Nc4 Re8 17. Nd5 Be5 18. Bd2 Bb5 19. Rab1 c6 20. Nf4 Nf6 21. Qb3
Bd4 22. c3 Bxf2+ 23. Kxf2 Nxe4+ 24. Rxe4 Rxe4 25. Na3 d5 26. g3 g5 27. c4 gxf4
28. cxb5 fxg3+ 29. Qxg3+ Qxg3+ 30. Kxg3 axb5 31. Kf3 b4 32. Nc2 Rxa2 33. Ne3 Rh4
34. Kg3 Rd4 35. Be1 Rd3 36. Kf4 Rb3 37. Bh4 Rbxb2 38. Rg1+ Kf8 39. Nf5 Rg2 40.
Re1 Rge2 41. Rb1 Ra3 42. Bg3 f6 43. Kg4 Kf7 44. Rf1 b3 45. Bh4 Ra4+ 46. Kg3 b2
47. Nh6+ Kg6 48. Rxf6+ Kh5 49. Ng4 Rg2+ 50. Kxg2 Kxh4 51. Ne5 b1=Q 0-1

[Event "46th Bosna Open 2016"]
[Site "Sarajevo BIH"]
[Date "2016.06.01"]
[Round "7.12"]
[White "Drasko, Milan"]
[Black "Obad, Andrija"]
[Result "1-0"]
[WhiteTitle "GM"]
[WhiteElo "2440"]
[BlackElo "2279"]
[WhiteFideId "900397"]
[BlackFideId "14412276"]
[EventDate "2016.05.28"]

1. Nf3 Nf6 2. g3 b5 3. Bg2 Bb7 4. b3 d6 5. c4 b4 6. d4 Nbd7 7. O-O e6 8. a3 a5
9. Bb2 Be7 10. Nbd2 O-O 11. Qc2 c5 12. e4 cxd4 13. Nxd4 Qb6 14. Nb5 Rfc8 15. Qd3
Nc5 16. Qe2 Nfd7 17. Bd4 Bf6 18. Qe3 e5 19. Bb2 bxa3 20. Rxa3 Be7 21. Rfa1 Bc6
22. Bc3 a4 23. bxa4 Nxa4 24. Rxa4 Rxa4 25. Rxa4 Qxe3 26. fxe3 1-0

[Event "46th Bosna Open 2016"]
[Site "Sarajevo BIH"]
[Date "2016.06.02"]
[Round "8.1"]
[White "Kozul, Zdenko"]
[Black "Kadric, Denis"]
[Result "1/2-1/2"]
[WhiteTitle "GM"]
[BlackTitle "GM"]
[WhiteElo "2591"]
[BlackElo "2554"]
[WhiteFideId "14502879"]
[BlackFideId "14403803"]
[EventDate "2016.05.28"]

1. d4 d6 2. Nf3 g6 3. c4 Bg7 4. Nc3 Nf6 5. e4 O-O 6. Be2 e5 7. O-O Qe8 8. dxe5
dxe5 9. Be3 b6 10. h3 Bb7 11. Qc2 c5 12. Nd5 Nc6 13. Bg5 Nxd5 14. cxd5 Nd4 15.
Nxd4 exd4 16. Rfe1 Qe5 17. Bd2 Kh8 18. Bc4 Rad8 19. Qb3 Qd6 20. f4 Qd7 21. Bb5
Qc8 22. Bc4 Qd7 23. Bb5 Qc8 1/2-1/2

[Event "46th Bosna Open 2016"]
[Site "Sarajevo BIH"]
[Date "2016.06.02"]
[Round "8.2"]
[White "Nikolic, Predrag"]
[Black "Martinovic, Sasa"]
[Result "1/2-1/2"]
[WhiteTitle "GM"]
[BlackTitle "GM"]
[WhiteElo "2617"]
[BlackElo "2529"]
[WhiteFideId "14400014"]
[BlackFideId "14509792"]
[EventDate "2016.05.28"]

1. Nf3 d5 2. d4 Bf5 3. Nh4 Be4 4. f3 e6 5. g3 Bg6 6. e3 c5 7. c3 Nc6 8. Nxg6
hxg6 9. Bg2 Bd6 10. f4 g5 11. dxc5 Bxc5 12. e4 gxf4 13. exd5 exd5 14. Bxf4 g5
15. Bd2 Kf8 16. Qb3 Ne5 17. Kd1 Nc4 18. Qb5 Rc8 19. b3 Nxd2 20. Nxd2 Ne7 21. Qd3
Rh6 22. Rc1 Qd7 23. Rc2 Qf5 1/2-1/2

[Event "46th Bosna Open 2016"]
[Site "Sarajevo BIH"]
[Date "2016.06.02"]
[Round "8.3"]
[White "Drazic, Sinisa"]
[Black "Brkic, Ante"]
[Result "1/2-1/2"]
[WhiteTitle "GM"]
[BlackTitle "GM"]
[WhiteElo "2422"]
[BlackElo "2584"]
[WhiteFideId "901172"]
[BlackFideId "14506688"]
[EventDate "2016.05.28"]

1. d4 Nf6 2. c4 e6 3. Nc3 Bb4 4. Qc2 d5 5. a3 Bxc3+ 6. Qxc3 O-O 7. Nf3 dxc4 8.
Qxc4 b6 9. Bf4 Ba6 10. Qxc7 Qd5 11. Qd6 Qb3 12. Qb4 Qd5 13. Qd6 Qb3 14. Qb4 1/2-1/2

[Event "46th Bosna Open 2016"]
[Site "Sarajevo BIH"]
[Date "2016.06.02"]
[Round "8.4"]
[White "Bosiocic, Marin"]
[Black "Kosic, Dragan"]
[Result "1/2-1/2"]
[WhiteTitle "GM"]
[BlackTitle "GM"]
[WhiteElo "2567"]
[BlackElo "2507"]
[WhiteFideId "14507927"]
[BlackFideId "900290"]
[EventDate "2016.05.28"]

1. c4 e6 2. Nc3 d5 3. d4 Nf6 4. cxd5 exd5 5. Bg5 c6 6. e3 Nbd7 7. Bd3 Be7 8.
Nge2 Nh5 9. Bxe7 Qxe7 10. Qd2 Nb6 11. f3 Be6 12. O-O O-O 13. g4 Nf6 14. Ng3 c5
15. Nce2 Nc4 16. Bxc4 dxc4 17. e4 cxd4 18. Nxd4 Rfd8 19. Qe3 Qc5 20. Rad1 b5 21.
Ndf5 Qxe3+ 22. Nxe3 1/2-1/2

[Event "46th Bosna Open 2016"]
[Site "Sarajevo BIH"]
[Date "2016.06.02"]
[Round "8.5"]
[White "Savic, Miodrag R"]
[Black "Can, Emre"]
[Result "0-1"]
[WhiteTitle "GM"]
[BlackTitle "GM"]
[WhiteElo "2522"]
[BlackElo "2557"]
[WhiteFideId "920479"]
[BlackFideId "6302181"]
[EventDate "2016.05.28"]

1. e4 c5 2. c3 Nf6 3. e5 Nd5 4. Nf3 d6 5. exd6 e6 6. d4 Bxd6 7. c4 Nf6 8. dxc5
Bxc5 9. Qxd8+ Kxd8 10. Nc3 Ke7 11. a3 Nc6 12. Be2 Rd8 13. O-O Nd4 14. Nxd4 Bxd4
15. Nb5 Bb6 16. Bf3 Bd7 17. Bd2 Bxb5 18. Bb4+ Ke8 19. cxb5 Nd5 20. Bd2 Bd4 21.
Rab1 Rac8 22. Rfc1 Rxc1+ 23. Bxc1 Rc8 24. Bd1 Nf6 25. Kf1 Ne4 26. f3 Bxb2 27.
fxe4 Bxc1 28. a4 b6 29. Ra1 Bf4 30. h3 Be5 31. Ra2 Rc4 32. Bc2 Ke7 33. Ke2 Rb4
34. Bd3 Bd4 35. Bc2 h5 36. Ra3 h4 37. Kd3 Be5 38. Kd2 g6 39. Rf3 Rd4+ 40. Ke2
Rc4 41. Kd2 f6 42. Ra3 Bd6 43. Ra2 Rc5 44. Bd1 Bf4+ 45. Kd3 Rc1 46. Bf3 Kd6 47.
Kd4 Bh2 48. a5 Bg1+ 49. Kd3 Rb1 50. Kc4 Bc5 51. Rd2+ Ke7 52. axb6 axb6 53. e5
Rb4+ 54. Kc3 Rxb5 55. exf6+ Kxf6 56. Rd8 Rb4 57. Re8 Kf7 58. Rc8 e5 59. Rc6 e4
60. Be2 Rb1 61. Bc4+ Kg7 62. Bd5 e3 63. Rxg6+ Kxg6 64. Be4+ Kg5 65. Bxb1 Kf4 66.
Kd3 Kg3 67. Ke2 Kxg2 68. Bf5 b5 69. Bc8 b4 70. Bd7 b3 71. Be6 b2 72. Bf5 0-1

[Event "46th Bosna Open 2016"]
[Site "Sarajevo BIH"]
[Date "2016.06.02"]
[Round "8.6"]
[White "Kantorik, Marian"]
[Black "Yilmaz, Mustafa"]
[Result "0-1"]
[WhiteTitle "IM"]
[BlackTitle "GM"]
[WhiteElo "2285"]
[BlackElo "2603"]
[WhiteFideId "14900513"]
[BlackFideId "6302718"]
[EventDate "2016.05.28"]

1. Nf3 Nf6 2. c4 c5 3. Nc3 d5 4. cxd5 Nxd5 5. d4 e6 6. e3 Nc6 7. Be2 cxd4 8.
exd4 Be7 9. O-O O-O 10. Qb3 Nxc3 11. bxc3 b6 12. Be3 Bb7 13. Qb2 Rc8 14. c4 Na5
15. Rac1 Bxf3 16. gxf3 Bd6 17. f4 Qh4 18. Qd2 g5 19. f3 Rfd8 20. Rfd1 Bxf4 21.
Bxf4 Qxf4 22. Qxf4 gxf4 23. Kg2 Kg7 24. Kh3 f5 25. Kg2 Kf6 26. Kf2 Rc7 27. Rd2
Ke7 28. Ke1 Rcd7 29. Rcd1 Rd6 30. Bf1 Kf6 31. Be2 e5 32. dxe5+ Kxe5 33. Rxd6
Rxd6 34. Rb1 Rc6 35. Rb4 Rc5 36. Kd2 Kd4 37. Ra4 h6 38. Bf1 Nc6 39. Ra3 Ra5 40.
Rd3+ Ke5 41. a3 Nd4 42. Be2 Ra4 43. Rc3 Nxe2 44. Kxe2 Kd4 45. Rd3+ Kxc4 46. Rd6
Rxa3 47. Rxh6 Ra2+ 0-1